Informe del director general sobre las actividades de la organización en 2004-2005, presentado a los estados miembros y al consejo ejecutivo en cumplimiento del artículo VI.3.b de la constitución (Record no. 203483)
[ view plain ]
| 000 -CABECERA | |
|---|---|
| campo de control de longitud fija | 00954nam a2200253 u 4500 |
| 003 - IDENTIFICADOR DEL NÚMERO DE CONTROL | |
| campo de control | MX-MxUPN |
| 005 - FECHA Y HORA DE LA ÚLTIMA TRANSACCIÓN | |
| campo de control | 20250805063908.0 |
| 008 - ELEMENTOS DE LONGITUD FIJA--INFORMACIÓN GENERAL | |
| campo de control de longitud fija | 190618s2006 fr d gr 000 0 spa d |
| 035 ## - NÚMERO DE CONTROL DEL SISTEMA | |
| Número de control de sistema | UPN01000231388 |
| 040 ## - FUENTE DE LA CATALOGACIÓN | |
| Centro catalogador/agencia de origen | MX-MxUPN |
| Lengua de catalogación | spa |
| Centro/agencia transcriptor | MX-MxUPN |
| 041 ## - CÓDIGO DE IDIOMA | |
| Código de lengua del texto/banda sonora o título independiente | spa |
| 050 04 - SIGNATURA TOPOGRÁFICA DE LA BIBLIOTECA DEL CONGRESO | |
| Número de clasificación | AS4 U8 |
| Número de documento/Ítem | I54 2006 |
| 110 2# - ASIENTO PRINCIPAL--NOMBRE CORPORATIVO | |
| Nombre de entidad corporativa o nombre de jurisdicción como elemento de entrada | Unesco |
| 9 (RLIN) | 22938 |
| 245 00 - MENCIÓN DE TÍTULO | |
| Título | Informe del director general sobre las actividades de la organización en 2004-2005, presentado a los estados miembros y al consejo ejecutivo en cumplimiento del artículo VI.3.b de la constitución |
| 246 14 - FORMA VARIANTE DE TÍTULO | |
| Título propio/Titulo breve | Informe del director general : |
| Resto del título | 2004-2005 : 34 c/3 |
| 260 ## - PUBLICACIÓN, DISTRIBUCIÓN, ETC. | |
| Lugar de publicación, distribución, etc. | París : |
| Nombre del editor, distribuidor, etc. | Organización de las Naciones Unidas para la Educación la Ciencia y la Cultura, |
| Fecha de publicación, distribución, etc. | 2006. |
| 300 ## - DESCRIPCIÓN FÍSICA | |
| Extensión | 90 páginas : |
| Otras características físicas | gráficas |
| 610 24 - ASIENTO SECUNDARIO DE MATERIA - NOMBRE CORPORATIVO | |
| Nombre de entidad corporativa o nombre de jurisdicción como elemento de entrada | Unesco |
| Subdivisión de forma | Informes |
| 9 (RLIN) | 22943 |
| 610 22 - ASIENTO SECUNDARIO DE MATERIA - NOMBRE CORPORATIVO | |
| Nombre de entidad corporativa o nombre de jurisdicción como elemento de entrada | Unesco. |
| Unidad subordinada | Director General |
| 9 (RLIN) | 35247 |
| 902 ## - ELEMENTOS DE DATOS B LOCAL, LDB (RLIN) | |
| Modificó | MaríaRobles/211024 |
| 905 ## - TIPO DE MATERIAL | |
| Tipo de material | Libro |
| 942 ## - ELEMENTOS DE PUNTO DE ACCESO ADICIONAL (KOHA) | |
| Suprimir en OPAC | No |
| Tipo de ítem Koha | Folleto |
| Fuente del sistema de clasificación o colocación | Library of Congress Classification |
| Estado de retiro | Estado de pérdida | Fuente del sistema de clasificación o colocación | Estado dañado | No para préstamo | Código de colección | Localización permanente | Ubicación/localización actual | Ubicación en estantería | Fecha de adquisición | Total de préstamos | Clasificación | Código de barras | Fecha visto por última vez | Tipo de ítem Koha |
|---|---|---|---|---|---|---|---|---|---|---|---|---|---|---|
| Library of Congress Classification | Colección General | Bib. Gregorio Torres Quintero | Bib. Gregorio Torres Quintero | Planta baja | 21/10/2024 | AS4 U8 I54 2006 | 331578 | 31/12/2020 | Libro |
